Nicolás Gómez Dávila e la modernità

Saved in:
Bibliografiske detaljer
Main Authors: Lombardi, Antonio (autor), Zuppa, Gabriele (Author)
Format: Bog
Sprog:italiensk
Udgivet: Roma Limina Mentis Editore 2015
Udgivelse:1a. ed
Serier:Collana AM, 07
Fag:
Tags: Tilføj Tag
Ingen Tags, Vær først til at tagge denne postø!

MARC

LEADER 00000cam a2200000 a 4500
001 UCC2739
003 CL-VaPUC
008 180316e20150600it |||||||||||||||||ita|d
020 |a 9788898496471 
082 0 4 |a 920.0861  |b LOM  |2 21 
100 |a Lombardi, Antonio  |e autor  |9 596749 
700 0 |a Zuppa, Gabriele  |e author  |9 596750 
245 1 0 |a Nicolás Gómez Dávila e la modernità 
250 |a 1a. ed 
300 |a 392 p 
942 |c BK 
945 |d 20180316 12:27:00  |a arojas 
260 |a Roma  |b Limina Mentis Editore  |c 2015 
650 0 |a Filosofía moderna  |9 258121 
650 0 |a Biografías  |9 255210 
583 |a last modification  |c 20180316 12:27:00  |k Rodrigo Vera 
490 0 |a Collana AM, 07 
999 |c 370705  |d 370703 
952 |0 0  |1 0  |3 erb  |4 0  |6 920_086100000000000_LOM_2015  |7 0  |8 A  |9 487294  |a BIBEDU  |b BIBEDU  |i 5457327  |l 1  |o 920.0861 LOM 2015  |p 5457327  |r 2024-08-19  |s 2024-08-12  |w 2019-11-24  |y BK  |z Catalogado en:20180316  |k LIT